000 00374nam a2200145Ia 4500
005 20240821151852.0
008 240821s9999||||xx |||||||||||||| ||und||
082 _a573.21 KOE
100 _aKoenigswald, G.H.R. Von
245 0 _aEvolution of man
260 _aMichigan
_bThe University of Michigan Press
_c1962
300 _av,148p
650 _aLife Sciences
942 _cBK
999 _c48994
_d48994